Ohio College Football Teams By Logo - Statistics

General Stats
  • This quiz has been taken 159 times
  • The average score is 8 of 8
Answer Stats
Picture Answer % Correct
Ohio
100%
Ohio State
100%
Toledo
98%
Akron
96%
Bowling Green
95%
Kent State
95%
Miami
92%
Cincinnati
88%
No matching quizzes found
Score Distribution
Percent of People with Each Score
Percentile by Number Answered
Your Score History
You have not taken this quiz